<?xml version="1.0" encoding="UTF-8"?>
<record
    xmlns:xsi="http://www.w3.org/2001/XMLSchema-instance"
    xsi:schemaLocation="http://www.loc.gov/MARC21/slim http://www.loc.gov/standards/marcxml/schema/MARC21slim.xsd"
    xmlns="http://www.loc.gov/MARC21/slim">

  <leader>01309nam a2200289 i 4500</leader>
  <controlfield tag="003">EG-GICUC</controlfield>
  <controlfield tag="005">20260429104352.0</controlfield>
  <controlfield tag="008">260429s1978    sz ||||fr|||| 00| 0 ara d</controlfield>
  <datafield tag="040" ind1=" " ind2=" ">
    <subfield code="a">EG-GiCUC</subfield>
    <subfield code="b">ara</subfield>
    <subfield code="c">EG-GiCUC</subfield>
    <subfield code="d">EG-GiCUC</subfield>
    <subfield code="e">Rda</subfield>
  </datafield>
  <datafield tag="082" ind1="0" ind2="4">
    <subfield code="2">21</subfield>
    <subfield code="a">341.33</subfield>
    <subfield code="b">&#x645; &#x624; . &#x648;</subfield>
  </datafield>
  <datafield tag="092" ind1="0" ind2="4">
    <subfield code="2">21</subfield>
  </datafield>
  <datafield tag="099" ind1=" " ind2=" ">
    <subfield code="a">Law1 11 341.33 &#x645; &#x624; . &#x648; 1978 </subfield>
  </datafield>
  <datafield tag="111" ind1=" " ind2=" ">
    <subfield code="a">&#x648;&#x62B;&#x627;&#x626;&#x642; &#x627;&#x644;&#x645;&#x624;&#x62A;&#x645;&#x631; &#x627;&#x644;&#x62F;&#x648;&#x628;&#x644;&#x648;&#x645;&#x627;&#x633;&#x64A; &#x644;&#x62A;&#x623;&#x643;&#x64A;&#x62F; &#x648;&#x62A;&#x637;&#x648;&#x64A;&#x631; &#x627;&#x644;&#x642;&#x627;&#x646;&#x648;&#x646; &#x627;&#x644;&#x62F;&#x648;&#x644;&#x649; &#x627;&#x644;&#x627;&#x646;&#x633;&#x627;&#x646;&#x649; &#x627;&#x644;&#x645;&#x637;&#x628;&#x642; &#x641;&#x649; &#x627;&#x644;&#x645;&#x646;&#x627;&#x632;&#x639;&#x627;&#x62A; &#x627;&#x644;&#x645;&#x633;&#x644;&#x62D;&#x629;. </subfield>
    <subfield code="d">(1977:</subfield>
    <subfield code="c">&#x62C;&#x646;&#x64A;&#x641;)</subfield>
  </datafield>
  <datafield tag="245" ind1="1" ind2="0">
    <subfield code="a">&#x648;&#x62B;&#x627;&#x626;&#x642; &#x627;&#x644;&#x645;&#x624;&#x62A;&#x645;&#x631; &#x627;&#x644;&#x62F;&#x648;&#x628;&#x644;&#x648;&#x645;&#x627;&#x633;&#x64A; &#x644;&#x62A;&#x623;&#x643;&#x64A;&#x62F; &#x648;&#x62A;&#x637;&#x648;&#x64A;&#x631; &#x627;&#x644;&#x642;&#x627;&#x646;&#x648;&#x646; &#x627;&#x644;&#x62F;&#x648;&#x644;&#x649; &#x627;&#x644;&#x627;&#x646;&#x633;&#x627;&#x646;&#x649; &#x627;&#x644;&#x645;&#x637;&#x628;&#x642; &#x641;&#x649; &#x627;&#x644;&#x645;&#x646;&#x627;&#x632;&#x639;&#x627;&#x62A; &#x627;&#x644;&#x645;&#x633;&#x644;&#x62D;&#x629;.</subfield>
    <subfield code="n">&#x627;&#x644;&#x62C;&#x632;&#x621; &#x627;&#x644;&#x633;&#x627;&#x62F;&#x633; / </subfield>
    <subfield code="b"> </subfield>
    <subfield code="c"> </subfield>
  </datafield>
  <datafield tag="264" ind1=" " ind2="3">
    <subfield code="a">&#x628;&#x631;&#x646; : </subfield>
    <subfield code="b">&#x646;&#x638;&#x627;&#x631;&#x629; &#x627;&#x644;&#x634;&#x626;&#x648;&#x646; &#x627;&#x644;&#x633;&#x64A;&#x627;&#x633;&#x64A;&#x629; &#x627;&#x644;&#x627;&#x62A;&#x62D;&#x627;&#x62F;&#x64A;&#x629;&#x60C;</subfield>
    <subfield code="c">1978.</subfield>
  </datafield>
  <datafield tag="300" ind1=" " ind2=" ">
    <subfield code="a">163page : </subfield>
    <subfield code="b">illustration ;</subfield>
    <subfield code="c"> 24 cm.</subfield>
  </datafield>
  <datafield tag="336" ind1=" " ind2=" ">
    <subfield code="2">rda contenu</subfield>
    <subfield code="a"> texte</subfield>
  </datafield>
  <datafield tag="337" ind1=" " ind2=" ">
    <subfield code="2">rda  medias</subfield>
    <subfield code="a">Ordinateur</subfield>
  </datafield>
  <datafield tag="338" ind1=" " ind2=" ">
    <subfield code="2"> transporteur rda</subfield>
    <subfield code="a"> Ressource en ligne</subfield>
  </datafield>
  <datafield tag="504" ind1=" " ind2=" ">
    <subfield code="a"> </subfield>
  </datafield>
  <datafield tag="546" ind1=" " ind2=" ">
    <subfield code="a">&#x627;&#x644;&#x646;&#x635; &#x628;&#x627;&#x644;&#x644;&#x63A;&#x629; &#x627;&#x644;&#x639;&#x631;&#x628;&#x64A;&#x629;</subfield>
  </datafield>
  <datafield tag="650" ind1="1" ind2="4">
    <subfield code="a">&#x627;&#x644;&#x62F;&#x628;&#x644;&#x648;&#x645;&#x627;&#x633;&#x64A;&#x629;-&#x627;&#x644;&#x642;&#x627;&#x646;&#x648;&#x646; &#x627;&#x644;&#x62F;&#x648;&#x644;&#x649; </subfield>
    <subfield code="2"> </subfield>
  </datafield>
  <datafield tag="651" ind1="1" ind2=" ">
    <subfield code="2"> </subfield>
  </datafield>
  <datafield tag="856" ind1="4" ind2="0">
    <subfield code="u">https://fll.law.cu.edu.eg/fulltext/bks/B11-09699.pdf</subfield>
  </datafield>
  <datafield tag="905" ind1=" " ind2=" ">
    <subfield code="a">50</subfield>
  </datafield>
  <datafield tag="942" ind1=" " ind2=" ">
    <subfield code="2">ddc</subfield>
    <subfield code="c">BK</subfield>
    <subfield code="e">21</subfield>
    <subfield code="n">0</subfield>
  </datafield>
  <datafield tag="999" ind1=" " ind2=" ">
    <subfield code="c">74082</subfield>
    <subfield code="d">74082</subfield>
  </datafield>
  <datafield tag="952" ind1=" " ind2=" ">
    <subfield code="0">0</subfield>
    <subfield code="1">0</subfield>
    <subfield code="2">ddc</subfield>
    <subfield code="3">V6</subfield>
    <subfield code="4">0</subfield>
    <subfield code="7">1</subfield>
    <subfield code="8">&#x627;&#x644;&#x642;&#x627;&#x646;&#x648;&#x646; &#x627;&#x644;&#x62F;&#x648;&#x644;&#x64A; &#x627;&#x644;&#x639;&#x627;&#x645;</subfield>
    <subfield code="a">CU</subfield>
    <subfield code="b">LAW1</subfield>
    <subfield code="d">2026-04-29</subfield>
    <subfield code="l">0</subfield>
    <subfield code="o">Law1 11 341.33 &#x645; &#x624; . &#x648; 1978 1109699 V6, C1</subfield>
    <subfield code="p">B11-09699</subfield>
    <subfield code="r">2026-04-29 10:41:33</subfield>
    <subfield code="t">1</subfield>
    <subfield code="w">2026-04-29</subfield>
    <subfield code="y">BK</subfield>
  </datafield>
</record>
